000
00284nam a22001337a 4500
008
180104b xxu||||| |||| 00| 0 eng d
020
_a
9780787965150
041
_a
eng
080
_a
37
100
_a
46
101
_a
EDU
245
_a
EDUCATION CITIZENS
_c
COLBY.A
942
_2
udc
_c
BK
999
_c
39688
_d
39688